[Event "GCT 2021 Croazia"]
[Site "Zagabria"]
[Date "2021.07.10"]
[Round "1B"]
[White "Giri, Anish"]
[Black "Anand, Viswanathan"]
[Result "1-0"]
[WhiteTitle ""]
[BlackTitle ""]
[WhiteElo "2776"]
[BlackElo "2753"]
[WhiteFideId "24116068"]
[BlackFideId "5000017"]
[EventDate "2021.07.10"]

1. e4 e5 2. Nf3 Nc6 3. Bc4 Bc5 4. c3 Nf6 5. d3 d6 6. Bg5 a6 7. Nbd2 Ba7 8. O-O
h6 9. Bh4 g5 10. Bg3 O-O 11. a4 Nh7 12. h3 h5 13. d4 h4 14. Bh2 g4 15. hxg4 Bxg4
16. Be2 Bxf3 17. gxf3 exd4 18. f4 Kh8 19. Kh1 Rg8 20. Bd3 dxc3 21. bxc3 Qd7 22.
f5 Ne5 23. Nf3 Qe7 24. Nxe5 dxe5 25. Rb1 c6 26. Qh5 b5 27. axb5 axb5 28. Ra1 f6
29. Bc2 Rg5 30. Qf3 Rd8 31. Bb3 Rd2 32. Rad1 Rxd1 33. Rxd1 Bb6 34. Ra1 Qc5 35.
Ra8+ Kg7 36. Rg8+ Kh6 37. Bf4 exf4 38. Qxf4 Qxf2 39. Rg6+ 1-0

[Event "GCT 2021 Croazia"]
[Site "Zagabria"]
[Date "2021.07.10"]
[Round "1B"]
[White "Vachier-Lagrave, Maxime"]
[Black "Mamedyarov, Shakhriyar"]
[Result "1-0"]
[WhiteTitle ""]
[BlackTitle ""]
[WhiteElo "2749"]
[BlackElo "2782"]
[WhiteFideId "623539"]
[BlackFideId "13401319"]
[EventDate "2021.07.10"]

1. c4 Nf6 2. Nc3 g6 3. d4 Bg7 4. e4 O-O 5. Nf3 c6 6. d5 d6 7. Be2 cxd5 8. exd5
Bg4 9. O-O Nbd7 10. Nd4 Bxe2 11. Qxe2 Nxd5 12. Nxd5 Bxd4 13. Nxe7+ Kh8 14. Be3
Bg7 15. Nd5 Re8 16. Rad1 Nf6 17. Qf3 Nxd5 18. Rxd5 Qc7 19. b3 Re6 20. Rfd1 Rae8
21. g3 b6 22. Kg2 f5 23. Bf4 Bf8 24. h4 h5 25. a4 Kg8 26. a5 bxa5 27. Ra1 Qb7
28. Rdxa5 Qxf3+ 29. Kxf3 Rb8 30. Rb5 Rxb5 31. cxb5 Re4 32. Ra4 Re1 33. Rxa7 Rb1
34. Be3 Rxb3 35. b6 d5 36. Kg2 f4 37. gxf4 Rb5 38. Rd7 1-0

[Event "GCT 2021 Croazia"]
[Site "Zagabria"]
[Date "2021.07.10"]
[Round "1B"]
[White "Nepomniachtchi, Ian"]
[Black "Korobov, Anton"]
[Result "1-0"]
[WhiteTitle ""]
[BlackTitle ""]
[WhiteElo "2792"]
[BlackElo "2683"]
[WhiteFideId "4168119"]
[BlackFideId "14105730"]
[EventDate "2021.07.10"]

1. c4 Nf6 2. g3 g6 3. Bg2 Bg7 4. Nc3 O-O 5. Nf3 Nc6 6. d4 d6 7. O-O a6 8. Bf4
Rb8 9. Rc1 Bd7 10. d5 Na5 11. b3 b5 12. cxb5 axb5 13. Nd4 b4 14. Na4 e5 15. dxe6
fxe6 16. Nc6 Nxc6 17. Bxc6 Bxc6 18. Rxc6 Nd5 19. Bd2 Qd7 20. Rc4 c5 21. e4 Nb6
22. Nxb6 Rxb6 23. Be3 Qf7 24. f4 Ra6 25. Rf2 Rfa8 26. e5 Bf8 27. exd6 Rxd6 28.
Qf3 Rd5 29. Bxc5 Bxc5 30. Rxc5 Rad8 31. Rc4 Qf5 32. Kg2 Rd2 33. Re4 R8d3 34.
Rxd2 Rxd2+ 35. Re2 Qc2 36. Rxd2 Qxd2+ 37. Qf2 Qd5+ 38. Kf1 Qd1+ 39. Qe1 Qd3+ 40.
Qe2 Qd5 41. Kf2 Kf7 42. h4 Qd4+ 43. Kg2 Qd5+ 44. Kh2 Kf6 45. Qb2+ Kf5 46. a4
bxa3 47. Qxa3 Kg4 48. Qb4 Qd3 49. f5+ Kh5 50. fxe6 Qe2+ 51. Kg1 Qxe6 52. Qf4 Qd5
53. Kh2 h6 1-0

[Event "GCT 2021 Croazia"]
[Site "Zagabria"]
[Date "2021.07.10"]
[Round "1B"]
[White "Van Foreest, Jorden"]
[Black "Kasparov, Garry"]
[Result "1-0"]
[WhiteTitle ""]
[BlackTitle ""]
[WhiteElo "2688"]
[BlackElo "2812"]
[WhiteFideId "1039784"]
[BlackFideId "4100018"]
[EventDate "2021.07.10"]

1. e4 c5 2. Nf3 d6 3. d4 cxd4 4. Nxd4 Nf6 5. Nc3 a6 6. Bg5 e6 7. f4 Qc7 8. Bxf6
gxf6 9. Qf3 b5 10. a3 Nc6 11. Nxc6 Qxc6 12. f5 Qc5 13. Be2 Ra7 14. O-O-O Qe5 15.
Rhf1 Rc7 16. Kb1 h5 17. h4 Be7 18. Qe3 Qc5 19. Qg3 Kf8 20. fxe6 fxe6 21. Qg6 Qe5
22. Rd3 Bd8 23. Rg3 Rf7 24. Rg5 Qd4 25. Bxh5 1-0

[Event "GCT 2021 Croazia"]
[Site "Zagabria"]
[Date "2021.07.10"]
[Round "1B"]
[White "Grischuk, Alexander"]
[Black "Duda, Jan-Krzysztof"]
[Result "1/2-1/2"]
[WhiteTitle ""]
[BlackTitle ""]
[WhiteElo "2778"]
[BlackElo "2738"]
[WhiteFideId "4126025"]
[BlackFideId "1170546"]
[EventDate "2021.07.10"]

1. e4 c6 2. d4 d5 3. e5 Bf5 4. Nf3 e6 5. Be2 c5 6. Be3 Qb6 7. Nc3 Nc6 8. O-O
Qxb2 9. Qe1 cxd4 10. Bxd4 Nxd4 11. Nxd4 Bb4 12. Rb1 Bxc3 13. Rxb2 Bxe1 14. Rxe1
b6 15. h4 h5 16. Nxf5 exf5 17. c4 Ne7 18. cxd5 Nxd5 19. Rd2 Nc3 20. Bf3 Rd8 21.
Rc2 Ne4 22. Rc7 Rd7 23. Rc8+ Rd8 24. Rc7 Rd7 25. Rc8+ Rd8 1/2-1/2

[Event "GCT 2021 Croazia"]
[Site "Zagabria"]
[Date "2021.07.10"]
[Round "2B"]
[White "Korobov, Anton"]
[Black "Van Foreest, Jorden"]
[Result "1-0"]
[WhiteTitle ""]
[BlackTitle ""]
[WhiteElo "2683"]
[BlackElo "2688"]
[WhiteFideId "14105730"]
[BlackFideId "1039784"]
[EventDate "2021.07.10"]

1. e4 c6 2. Nc3 d5 3. Nf3 dxe4 4. Nxe4 Nf6 5. Ng3 h5 6. h3 h4 7. Ne2 Nbd7 8. Nc3
e5 9. Bc4 e4 10. Ng5 Ne5 11. Bb3 Bf5 12. O-O Bc5 13. d3 exd3 14. Re1 Bd4 15.
Nxf7 Qb6 16. Qf3 Be4 17. Rxe4 Nxe4 18. Qxe4 Rh5 19. Bf4 Bxf2+ 20. Kh1 Qd4 21.
Nxe5 Qxe4 22. Nxe4 dxc2 23. Bf7+ Kf8 24. Bxh5 Bd4 25. Rc1 1-0

[Event "GCT 2021 Croazia"]
[Site "Zagabria"]
[Date "2021.07.10"]
[Round "2B"]
[White "Mamedyarov, Shakhriyar"]
[Black "Nepomniachtchi, Ian"]
[Result "1-0"]
[WhiteTitle ""]
[BlackTitle ""]
[WhiteElo "2782"]
[BlackElo "2792"]
[WhiteFideId "13401319"]
[BlackFideId "4168119"]
[EventDate "2021.07.10"]

1. d4 Nf6 2. c4 e6 3. Nf3 d5 4. Nc3 Bb4 5. Qa4+ Nc6 6. e3 O-O 7. Qc2 b6 8. Bd2
Bb7 9. a3 Bd6 10. Bd3 dxc4 11. Bxc4 e5 12. O-O-O Qe7 13. d5 Na5 14. Ba2 c6 15.
dxc6 Nxc6 16. Ng5 e4 17. Ngxe4 Nxe4 18. Qxe4 Be5 19. Kb1 Rad8 20. Nd5 Qe8 21.
Bc3 Bxc3 22. Qxe8 Rfxe8 23. Nxc3 Ne5 24. Rxd8 Rxd8 25. f3 g5 26. Rd1 Rxd1+ 27.
Nxd1 g4 28. f4 Nd3 29. g3 Ne1 30. Nf2 h5 31. Kc1 Kg7 32. Kd1 Nf3 33. h4 Nh2 34.
Bc4 Kf6 35. e4 Nf3 36. Ke2 Ke7 37. Ke3 f6 38. Be2 Ng1 39. Bd1 Ba6 40. Nxg4 hxg4
41. Bxg4 f5 42. exf5 1-0

[Event "GCT 2021 Croazia"]
[Site "Zagabria"]
[Date "2021.07.10"]
[Round "2B"]
[White "Giri, Anish"]
[Black "Vachier-Lagrave, Maxime"]
[Result "1-0"]
[WhiteTitle ""]
[BlackTitle ""]
[WhiteElo "2776"]
[BlackElo "2749"]
[WhiteFideId "24116068"]
[BlackFideId "623539"]
[EventDate "2021.07.10"]

1. Nf3 Nf6 2. c4 c5 3. Nc3 Nc6 4. d4 cxd4 5. Nxd4 e6 6. g3 Qb6 7. Ndb5 Ne5 8.
Bf4 Nfg4 9. e3 a6 10. h3 axb5 11. hxg4 Nxc4 12. Qb3 d5 13. Bxc4 dxc4 14. Qxb5+
Qxb5 15. Nxb5 Bb4+ 16. Ke2 Ke7 17. a3 Bc5 18. Rhd1 Bd7 19. Bd6+ Bxd6 20. Nxd6 b5
21. Nxf7 Rhc8 22. Ne5 Be8 23. Kd2 Rc5 24. f4 c3+ 25. bxc3 Rac8 26. Rdc1 h6 27.
e4 Rd8+ 28. Ke3 Rdc8 29. Kd4 R5c7 30. c4 Rd8+ 31. Ke3 Rdc8 32. Rc3 bxc4 33. Rb1
Ba4 34. Rb6 Bb3 35. f5 exf5 36. gxf5 Kf8 37. Kf4 Kg8 38. g4 Rc5 39. Ng6 R5c7 40.
g5 hxg5+ 41. Kxg5 Bd1 42. e5 1-0

[Event "GCT 2021 Croazia"]
[Site "Zagabria"]
[Date "2021.07.10"]
[Round "3B"]
[White "Vachier-Lagrave, Maxime"]
[Black "Anand, Viswanathan"]
[Result "1/2-1/2"]
[WhiteTitle ""]
[BlackTitle ""]
[WhiteElo "2749"]
[BlackElo "2753"]
[WhiteFideId "623539"]
[BlackFideId "5000017"]
[EventDate "2021.07.10"]

1. e4 e5 2. Nf3 Nc6 3. Bb5 Nf6 4. O-O Nxe4 5. d4 Nd6 6. Bxc6 dxc6 7. dxe5 Nf5 8.
Qxd8+ Kxd8 9. h3 Ke8 10. Nc3 a5 11. Rd1 a4 12. Ne2 Bc5 13. Nf4 Ne7 14. Bd2 Nd5
15. Nh5 Rg8 16. c4 Nb6 17. Bh6 Bf8 18. b3 Bf5 19. Be3 Ba3 20. Bd4 c5 21. Bc3 Bc2
22. Re1 axb3 23. axb3 Bxb3 24. e6 Bxc4 25. exf7+ Kxf7 26. Ne5+ Kf8 27. Re3 Bd5
28. Nf4 g5 29. Nd7+ Kf7 30. Ne5+ Kf8 31. Nh5 Bb4 32. Rxa8+ Nxa8 33. Nf6 Nb6 34.
Nxg8 Kxg8 35. Ba1 c4 36. Rg3 h6 37. h4 Bd2 38. Ng4 gxh4 39. Ra3 Bg5 40. Be5 c6
41. f4 Be7 42. Ra7 c5 43. Nxh6+ Kh7 44. Nf5 Bf8 45. Ne3 Bc6 46. f5 Bh6 47. Ng4
Nd7 48. Bc3 Bg7 49. f6 Bf8 50. Ra8 Kg6 51. Ne5+ Nxe5 52. Rxf8 Nd7 53. Rg8+ Kf7
54. Rg7+ Kf8 55. Rh7 b5 56. Rxh4 b4 57. Bxb4 cxb4 58. Rxc4 Bd5 59. Rxb4 Nxf6 60.
g4 Kf7 61. g5 Ne4 62. g6+ Kxg6 63. Rxe4 Bxe4 1/2-1/2

[Event "GCT 2021 Croazia"]
[Site "Zagabria"]
[Date "2021.07.10"]
[Round "3B"]
[White "Nepomniachtchi, Ian"]
[Black "Giri, Anish"]
[Result "1/2-1/2"]
[WhiteTitle ""]
[BlackTitle ""]
[WhiteElo "2792"]
[BlackElo "2776"]
[WhiteFideId "4168119"]
[BlackFideId "24116068"]
[EventDate "2021.07.10"]

1. c4 Nf6 2. g3 e6 3. Bg2 d5 4. Nf3 Be7 5. O-O O-O 6. d4 dxc4 7. Qc2 a6 8. a4
Bd7 9. Qxc4 Bc6 10. Bg5 Bd5 11. Qc2 Be4 12. Qd1 c5 13. dxc5 Bxc5 14. Nc3 Bc6 15.
Ne5 Bxg2 16. Kxg2 Bd4 17. Bxf6 gxf6 18. Nf3 Bxc3 19. bxc3 Qxd1 20. Rfxd1 Nc6 21.
Rd7 Na5 22. Rad1 Rac8 23. Nd2 f5 24. e4 Rxc3 25. exf5 exf5 26. Nf3 Rc5 27. R1d6
Nc4 28. Rh6 b5 29. Rxa6 bxa4 30. Nd2 Nxd2 31. Rxd2 f4 32. g4 h5 33. gxh5 Rg5+
34. Kf3 Rxh5 35. Rxa4 Rxh2 36. Rxf4 Rh6 37. Rd7 Kg7 38. Rf5 Rg6 39. Kf4 Rf6 40.
f3 Rxf5+ 41. Kxf5 Ra8 42. Kg4 Kg6 43. Kg3 Ra4 44. Rd6+ f6 45. Rd7 Rb4 46. Rd6
Ra4 47. Rd7 Rb4 1/2-1/2

[Event "GCT 2021 Croazia"]
[Site "Zagabria"]
[Date "2021.07.10"]
[Round "3B"]
[White "Van Foreest, Jorden"]
[Black "Mamedyarov, Shakhriyar"]
[Result "0-1"]
[WhiteTitle ""]
[BlackTitle ""]
[WhiteElo "2688"]
[BlackElo "2782"]
[WhiteFideId "1039784"]
[BlackFideId "13401319"]
[EventDate "2021.07.10"]

1. e4 e5 2. Nf3 d6 3. d4 exd4 4. Nxd4 Nf6 5. Nc3 g6 6. Bg5 Bg7 7. Qd2 h6 8. Bf4
Nc6 9. Bb5 Bd7 10. Bxc6 bxc6 11. O-O-O c5 12. Nf3 g5 13. Bg3 Nh5 14. e5 Nxg3 15.
hxg3 g4 16. Ne1 Bxe5 17. Nd3 Bg7 18. Rhe1+ Be6 19. Nf4 Qg5 20. Nxe6 Qxd2+ 21.
Rxd2 fxe6 22. Rxe6+ Kd7 23. Rg6 Rag8 24. Kd1 Bxc3 25. Rxg8 Rxg8 26. bxc3 Rf8 27.
Re2 d5 28. c4 c6 29. cxd5 cxd5 30. Ke1 Kd6 31. Re3 a5 32. Ra3 Ra8 33. Rb3 Kc6
34. a4 Re8+ 35. Kd2 Re4 36. Rb8 Rd4+ 37. Kc1 Rxa4 38. Rh8 c4 39. Rxh6+ Kc5 40.
Kb2 Rb4+ 41. Ka3 c3 42. Rg6 Rb2 43. Rxg4 d4 44. Rg8 Rxc2 45. Rc8+ Kd5 46. Kb3
Rb2+ 47. Ka3 Rxf2 0-1

[Event "GCT 2021 Croazia"]
[Site "Zagabria"]
[Date "2021.07.10"]
[Round "3B"]
[White "Grischuk, Alexander"]
[Black "Korobov, Anton"]
[Result "1-0"]
[WhiteTitle ""]
[BlackTitle ""]
[WhiteElo "2778"]
[BlackElo "2683"]
[WhiteFideId "4126025"]
[BlackFideId "14105730"]
[EventDate "2021.07.10"]

1. e4 e6 2. d4 d5 3. e5 c5 4. c3 Nc6 5. Nf3 Bd7 6. Be2 Rc8 7. O-O h6 8. a3 cxd4
9. cxd4 Nge7 10. Nc3 Nf5 11. Kh1 Be7 12. g4 Nh4 13. Nxh4 Bxh4 14. f4 O-O 15. Be3
f5 16. gxf5 Rxf5 17. Bd3 Qf8 18. Qg4 Be7 19. Rg1 Qf7 20. Bxf5 exf5 21. Qg6 Qxg6
22. Rxg6 Be8 23. Rg2 Rd8 24. Rag1 Bf8 25. Rc2 Bh5 26. Kg2 Kf7 27. Na4 Be7 28. b4
g5 29. Rd2 Rg8 30. Kf2 Nd8 31. Nc3 Ke6 32. Ke1 Bf3 33. Rf2 Be4 34. Kd2 g4 35.
Nxe4 dxe4 36. Rc1 Nc6 37. b5 Na5 38. Rc7 h5 39. d5+ Kxd5 40. Rxe7 h4 41. Rf1 g3
42. hxg3 Nc4+ 43. Ke2 Nxe3 44. Kxe3 Rxg3+ 45. Ke2 h3 46. Rxb7 Rxa3 47. Rd7+ 1-0

[Event "GCT 2021 Croazia"]
[Site "Zagabria"]
[Date "2021.07.10"]
[Round "3B"]
[White "Duda, Jan-Krzysztof"]
[Black "Kasparov, Garry"]
[Result "1-0"]
[WhiteTitle ""]
[BlackTitle ""]
[WhiteElo "2738"]
[BlackElo "2812"]
[WhiteFideId "1170546"]
[BlackFideId "4100018"]
[EventDate "2021.07.10"]

1. e4 c5 2. Nf3 d6 3. d4 cxd4 4. Nxd4 Nf6 5. Nc3 a6 6. Bg5 e6 7. f4 Qc7 8. Bxf6
gxf6 9. Qf3 b5 10. a3 Nc6 11. O-O-O Nxd4 12. Rxd4 Rb8 13. Be2 Bd7 14. f5 Qc5 15.
Rhd1 Qe5 16. Qh5 Be7 17. fxe6 Bxe6 18. Nd5 Qxh5 19. Bxh5 Rg8 20. Nc7+ Kd8 21.
Nxa6 Rb6 22. Nb4 Rxg2 23. R4d2 Rxd2 24. Kxd2 f5 25. exf5 Bg5+ 26. Ke2 1-0

[Event "GCT 2021 Croazia"]
[Site "Zagabria"]
[Date "2021.07.10"]
[Round "4B"]
[White "Korobov, Anton"]
[Black "Duda, Jan-Krzysztof"]
[Result "0-1"]
[WhiteTitle ""]
[BlackTitle ""]
[WhiteElo "2683"]
[BlackElo "2738"]
[WhiteFideId "14105730"]
[BlackFideId "1170546"]
[EventDate "2021.07.10"]

1. d4 d5 2. c4 c6 3. Nc3 Nf6 4. cxd5 cxd5 5. Bg5 Ne4 6. Nxe4 dxe4 7. a3 Be6 8.
Qd2 Nc6 9. e3 Qd5 10. h4 Na5 11. Qb4 Bd7 12. Rc1 e5 13. Qc3 h6 14. dxe5 hxg5 15.
Rd1 Qc5 16. Qxc5 Bxc5 17. b4 Bb6 0-1

[Event "GCT 2021 Croazia"]
[Site "Zagabria"]
[Date "2021.07.10"]
[Round "4B"]
[White "Mamedyarov, Shakhriyar"]
[Black "Grischuk, Alexander"]
[Result "0-1"]
[WhiteTitle ""]
[BlackTitle ""]
[WhiteElo "2782"]
[BlackElo "2778"]
[WhiteFideId "13401319"]
[BlackFideId "4126025"]
[EventDate "2021.07.10"]

1. d4 d5 2. c4 e6 3. Nf3 Nf6 4. Nc3 a6 5. c5 b6 6. cxb6 c5 7. g3 Nbd7 8. Bg2
Nxb6 9. O-O Bb7 10. Bg5 Nbd7 11. Ne5 cxd4 12. Nxd7 Qxd7 13. Bxf6 gxf6 14. Qxd4
Bg7 15. Rfd1 O-O 16. e4 f5 17. e5 Rfc8 18. Bf1 Qc7 19. Re1 Qc5 20. Rad1 Qxd4 21.
Rxd4 a5 22. Bb5 Ba6 23. Bxa6 Rxa6 24. Re2 Bf8 25. Kg2 Bb4 26. Nb5 Rb6 27. a4
Rbc6 28. g4 fxg4 29. Rxg4+ Kf8 30. Rh4 Rc2 31. Re3 R8c4 32. Rxh7 Rf4 33. Rf3
Rxf3 34. Kxf3 Bc5 35. Nd6 Kg8 36. Rh4 Rxf2+ 37. Kg3 Rxb2 38. Rg4+ Kf8 39. h4 Ke7
40. h5 Rb3+ 41. Kg2 Bxd6 42. exd6+ Kxd6 43. Rg8 f5 44. Rd8+ Ke5 45. Ra8 Rb7 46.
Kg3 Rg7+ 47. Kh3 Kf4 48. Rxa5 Rg3+ 49. Kh4 Rg1 50. Kh3 Rh1+ 51. Kg2 Rxh5 52. Ra8
Rh7 53. a5 Rb7 54. a6 Rb2+ 55. Kh3 Ra2 56. a7 e5 0-1

[Event "GCT 2021 Croazia"]
[Site "Zagabria"]
[Date "2021.07.10"]
[Round "4B"]
[White "Giri, Anish"]
[Black "Van Foreest, Jorden"]
[Result "1/2-1/2"]
[WhiteTitle ""]
[BlackTitle ""]
[WhiteElo "2776"]
[BlackElo "2688"]
[WhiteFideId "24116068"]
[BlackFideId "1039784"]
[EventDate "2021.07.10"]

1. Nf3 d5 2. d4 Nf6 3. c4 e6 4. Nc3 h6 5. Bf4 a6 6. cxd5 exd5 7. e3 Bd6 8. Bxd6
Qxd6 9. Bd3 O-O 10. h3 c6 11. O-O Nbd7 12. Qc2 Re8 13. Rad1 Qe7 14. Nd2 Nf8 15.
Na4 Ne6 16. Rde1 Ng5 17. f4 Nge4 18. Nxe4 Nxe4 19. Bxe4 Qxe4 20. Qxe4 Rxe4 21.
f5 Rb8 22. g4 b6 23. Nc3 Re8 24. e4 dxe4 25. Nxe4 Rd8 26. Rf4 c5 27. dxc5 bxc5
28. b3 Rb4 29. Rf2 c4 30. Rd2 Rxd2 31. Nxd2 cxb3 32. axb3 Kf8 33. Re3 h5 34. Nc4
hxg4 35. hxg4 Bb7 36. Kf2 Bd5 37. Nd6 Rb8 38. b4 Bc6 39. Rc3 Bd7 40. Rc7 Be8 41.
Ra7 Rb6 42. Nxe8 Kxe8 43. Kg3 Rxb4 44. Rxa6 f6 45. Ra7 Kf8 46. Ra8+ Kf7 47. Ra7+
Kf8 48. Ra8+ Kf7 49. Ra7+ 1/2-1/2

[Event "GCT 2021 Croazia"]
[Site "Zagabria"]
[Date "2021.07.10"]
[Round "4B"]
[White "Vachier-Lagrave, Maxime"]
[Black "Nepomniachtchi, Ian"]
[Result "1-0"]
[WhiteTitle ""]
[BlackTitle ""]
[WhiteElo "2749"]
[BlackElo "2792"]
[WhiteFideId "623539"]
[BlackFideId "4168119"]
[EventDate "2021.07.10"]

1. e4 c5 2. Nf3 d6 3. d4 cxd4 4. Nxd4 Nf6 5. Nc3 a6 6. Be2 e5 7. Nb3 Be7 8. O-O
O-O 9. Qd3 Be6 10. Bd2 Nc6 11. Nd5 a5 12. a4 Bxd5 13. exd5 Nb4 14. Bxb4 axb4 15.
a5 Qd7 16. Nd2 Rfc8 17. Nc4 Bd8 18. Rfd1 Rc5 19. Qb3 Rac8 20. a6 bxa6 21. Rxa6
Qb5 22. Rxd6 Bc7 23. Rxf6 gxf6 24. d6 Bd8 25. d7 R8c6 26. Nxe5 fxe5 27. Bxb5
Rxb5 28. g3 Kf8 29. c4 Rb7 30. Qe3 1-0

[Event "GCT 2021 Croazia"]
[Site "Zagabria"]
[Date "2021.07.10"]
[Round "5B"]
[White "Nepomniachtchi, Ian"]
[Black "Anand, Viswanathan"]
[Result "1-0"]
[WhiteTitle ""]
[BlackTitle ""]
[WhiteElo "2792"]
[BlackElo "2753"]
[WhiteFideId "4168119"]
[BlackFideId "5000017"]
[EventDate "2021.07.10"]

1. c4 c5 2. Nf3 Nf6 3. Nc3 Nc6 4. d4 cxd4 5. Nxd4 e6 6. a3 Bc5 7. Nb3 Bb6 8. c5
Bc7 9. g3 d5 10. cxd6 Qxd6 11. Qxd6 Bxd6 12. Bg2 O-O 13. O-O Bd7 14. Rd1 Be7 15.
Be3 Rfd8 16. Nc5 Bxc5 17. Bxc5 Be8 18. Nb5 Nd5 19. e4 Nf6 20. Nd6 b6 21. Nxe8
bxc5 22. Nxf6+ gxf6 23. e5 Rxd1+ 24. Rxd1 Rc8 25. exf6 Nd4 26. b4 e5 27. bxc5
Rxc5 28. f4 Ne6 29. fxe5 Rxe5 30. Rd5 Rxd5 31. Bxd5 Nc7 32. Bc6 h5 33. Kg2 Kh7
34. Kh3 Kg6 35. Kh4 Ne6 36. Bf3 Nd4 37. Bxh5+ Kxf6 38. Bd1 a5 39. Kg4 Nb5 40. a4
Nc3 41. Bc2 Nd5 42. Kf3 1-0

[Event "GCT 2021 Croazia"]
[Site "Zagabria"]
[Date "2021.07.10"]
[Round "5B"]
[White "Van Foreest, Jorden"]
[Black "Vachier-Lagrave, Maxime"]
[Result "0-1"]
[WhiteTitle ""]
[BlackTitle ""]
[WhiteElo "2688"]
[BlackElo "2749"]
[WhiteFideId "1039784"]
[BlackFideId "623539"]
[EventDate "2021.07.10"]

1. e4 c5 2. Nc3 d6 3. f3 Nc6 4. Bb5 Bd7 5. Nge2 e5 6. d3 Nf6 7. O-O Be7 8. f4
O-O 9. Ng3 Bg4 10. Qd2 exf4 11. Qxf4 Nd4 12. Qf2 Be6 13. h3 Nd7 14. Bxd7 Qxd7
15. Nh5 f5 16. Qg3 Rf7 17. Bg5 Raf8 18. Rf2 fxe4 19. Bxe7 Qxe7 20. Raf1 Rxf2 21.
Rxf2 Rxf2 22. Qxf2 Qg5 23. g4 Qc1+ 24. Kg2 e3 25. Qf4 Qxc2+ 26. Kg3 e2 27. Kf2
Qxb2 28. Qxd6 e1=Q+ 29. Kxe1 Qxc3+ 30. Kf2 Qd2+ 31. Kg3 0-1

[Event "GCT 2021 Croazia"]
[Site "Zagabria"]
[Date "2021.07.10"]
[Round "5B"]
[White "Grischuk, Alexander"]
[Black "Giri, Anish"]
[Result "1/2-1/2"]
[WhiteTitle ""]
[BlackTitle ""]
[WhiteElo "2778"]
[BlackElo "2776"]
[WhiteFideId "4126025"]
[BlackFideId "24116068"]
[EventDate "2021.07.10"]

1. Nf3 d5 2. d4 Nf6 3. c4 e6 4. Nc3 Bb4 5. cxd5 exd5 6. Bg5 h6 7. Bh4 O-O 8. Qc2
c5 9. e3 cxd4 10. Nxd4 Nc6 11. Nxc6 bxc6 12. Be2 g5 13. Bg3 Ne4 14. O-O Bxc3 15.
bxc3 Qf6 16. Bd3 Bf5 17. c4 Nxg3 18. fxg3 Bxd3 19. Qxd3 dxc4 20. Qxc4 Qe6 21.
Qc3 Rae8 22. Kh1 f5 23. a4 Qxe3 24. Qxc6 Qe6 25. Qc5 Rf7 26. Rad1 Rc8 27. Qa5
Kg7 28. h3 Rc2 29. Rd2 Rxd2 30. Qxd2 Qe5 31. Qf2 Qd5 32. Kh2 Qd6 33. Kh1 Qe5 34.
Re1 Qf6 35. Qf3 Qd4 36. Kh2 g4 37. hxg4 Qxg4 38. Qc3+ Kh7 39. a5 f4 40. Qd3+ Kg7
41. Qd4+ Kh7 42. Qe4+ Kg7 43. Qe5+ Kg6 44. Qe6+ Qxe6 45. Rxe6+ Kg5 46. gxf4+
Rxf4 47. Ra6 Rf7 48. Kh3 Rd7 49. Rc6 Rd5 50. Ra6 Rd7 51. Rc6 Rd5 52. Ra6 1/2-1/2

[Event "GCT 2021 Croazia"]
[Site "Zagabria"]
[Date "2021.07.10"]
[Round "5B"]
[White "Duda, Jan-Krzysztof"]
[Black "Mamedyarov, Shakhriyar"]
[Result "1-0"]
[WhiteTitle ""]
[BlackTitle ""]
[WhiteElo "2738"]
[BlackElo "2782"]
[WhiteFideId "1170546"]
[BlackFideId "13401319"]
[EventDate "2021.07.10"]

1. d4 d5 2. c4 dxc4 3. Nf3 a6 4. e3 b5 5. a4 Bb7 6. b3 Nf6 7. bxc4 b4 8. Nbd2 e6
9. c5 Nc6 10. Bb2 Nd5 11. a5 Be7 12. Qc2 Qd7 13. Nc4 f6 14. Bd3 O-O-O 15. O-O
Kb8 16. Rfd1 g5 17. e4 Nf4 18. Bf1 g4 19. Ne1 h5 20. Nd3 Ng6 21. Qb3 h4 22. Nxb4
Nxb4 23. Qxb4 g3 24. Bc3 Qc6 25. f3 e5 26. Ne3 exd4 27. Bxd4 Rxd4 28. Qxd4 Bxc5
29. Qc3 Ba7 30. Rac1 Qxc3 31. Rxc3 Nf4 32. Bc4 h3 33. gxh3 gxh2+ 34. Kh1 Nxh3
35. Ng4 f5 36. exf5 Ng5 37. Bd5 Rd8 38. Rb3 Bb6 39. axb6 Bxd5 40. bxc7+ Kxc7 41.
Rc3+ Kb6 42. Rb1+ Ka7 43. Nxh2 Rf8 44. Rc7+ Ka8 45. Re1 Kb8 46. Rg7 Bxf3+ 47.
Nxf3 Nxf3 48. Re4 Rxf5 49. Re8# 1-0

[Event "GCT 2021 Croazia"]
[Site "Zagabria"]
[Date "2021.07.10"]
[Round "5B"]
[White "Kasparov, Garry"]
[Black "Korobov, Anton"]
[Result "0-1"]
[WhiteTitle ""]
[BlackTitle ""]
[WhiteElo "2812"]
[BlackElo "2683"]
[WhiteFideId "4100018"]
[BlackFideId "14105730"]
[EventDate "2021.07.10"]

1. c4 e6 2. d4 d5 3. Nf3 Nf6 4. e3 Be7 5. Bd3 O-O 6. b3 b6 7. O-O Bb7 8. Bb2
Nbd7 9. Nc3 a6 10. Rc1 Bd6 11. cxd5 exd5 12. Ne2 Re8 13. Ng3 Ne4 14. Qc2 Nxg3
15. hxg3 Nf6 16. Ne5 Qe7 17. b4 Ne4 18. b5 axb5 19. Bxb5 Rec8 20. Nc6 Qg5 21. a4
h5 22. Qe2 h4 23. gxh4 Qxh4 24. g3 Qg5 25. Rc2 Re8 26. Kg2 Re6 0-1

[Event "GCT 2021 Croazia"]
[Site "Zagabria"]
[Date "2021.07.10"]
[Round "6B"]
[White "Giri, Anish"]
[Black "Duda, Jan-Krzysztof"]
[Result "1/2-1/2"]
[WhiteTitle ""]
[BlackTitle ""]
[WhiteElo "2776"]
[BlackElo "2738"]
[WhiteFideId "24116068"]
[BlackFideId "1170546"]
[EventDate "2021.07.10"]

1. d4 d5 2. c4 c6 3. cxd5 cxd5 4. Bf4 Nc6 5. e3 Nf6 6. Bb5 Bd7 7. Nc3 a6 8. Bd3
Bg4 9. Nge2 e6 10. O-O Bxe2 11. Qxe2 Bd6 12. Bg5 O-O 13. Rac1 Rc8 14. a3 Be7 15.
Na4 h6 16. Bxf6 Bxf6 17. Nc5 Qe7 18. b4 g6 19. Nb3 Kg7 20. h3 h5 21. Rc2 e5 22.
dxe5 Nxe5 23. Rfc1 Rxc2 24. Rxc2 b5 25. Nc5 Nc4 26. a4 bxa4 27. Bxc4 dxc4 28.
Qxc4 a3 29. Ra2 Bb2 30. Nd3 Qf6 31. Nxb2 axb2 32. Qc2 Rb8 33. Qxb2 Qxb2 34. Rxb2
Rb5 35. Ra2 Rxb4 36. Rxa6 Rb1+ 37. Kh2 Rb2 38. Kg3 Re2 39. Kf3 Rb2 40. g3 Rc2
41. Ra5 Rb2 42. g4 hxg4+ 43. hxg4 Rc2 44. g5 Rb2 45. e4 Rc2 46. Kg3 Rb2 47. f3
Rb4 48. Kf4 Rb3 49. Ra6 Rc3 50. Ra4 Rb3 51. Kg4 Re3 52. f4 Re1 53. f5 gxf5+ 54.
exf5 Rg1+ 55. Kf4 Rf1+ 56. Ke5 Rg1 57. Kf4 Rf1+ 58. Ke4 Rg1 59. Kf4 1/2-1/2